Statystyki dla Flagi miast województwa śląskiego i małopolskiego

Kliknij tutaj aby rozwiązać quiz!

Ogólne statystyki

  • Ten quiz został rozwiązany 57 razy
  • Średni wynik to 5 z 15

Statystyki odpowiedzi

Odpowiedź% Poprawnych
Katowice
98%
Kraków
77%
Gliwice
52%
Zakopane
42%
Tarnów
40%
Rybnik
38%
Bielsko-Biała
37%
Tychy
27%
Nowy Sącz
25%
Sosnowiec
25%
Zabrze
25%
Bochnia
13%
Oświęcim
13%
Olkusz
12%
Nowy Targ
8%

Rozkład punktacji

Percentyl według liczby udzielonych odpowiedzi

Procent ludzi z każdym wynikiem

Twoja historia wyników

Nie rozwiązałeś tego quizu